3 Biggest Cities in each Region of South Africa - Statistics

General Stats
  • This quiz has been taken 17 times
  • The average score is 12 of 27
Answer Stats
Region + Rank Population City % Correct
Western Cape 1 5,072,248 Cape Town
100%
Gauteng 1 15,702,336 Johannesburg
100%
Gauteng 2 3,172,680 Pretoria
100%
Free State 1 540,395 Bloemfontein
94%
KwaZulu-Natal 1 4,282,805 Durban
94%
Eastern Cape 1 1,744,034 Gqeberha
88%
Eastern Cape 2 513,049 East London
76%
KwaZulu-Natal 2 1,058,191 Pietermaritzburg
47%
Free State 2 241,626 Welkom
47%
KwaZulu-Natal 3 533,710 Newcastle
41%
Western Cape 2 376,055 Paarl
41%
Limpopo 1 507,411 Polokwane
41%
Gauteng 3 1,815,047 Soweto
41%
Western Cape 3 243,197 George
35%
Northern Cape 1 301,460 Kimberley
35%
North West 1 712,826 Rustenburg
29%
Northern Cape 2 92,156 Upington
29%
Limpopo 3 140,819 Mokopane
24%
Northern Cape 3 50,052 De Aar
18%
Mpumalanga 1 581,013 eMalahleni
18%
North West 3 233,093 Klerksdorp
18%
North West 2 373,105 Mafikeng
18%
Eastern Cape 3 320,982 Ibhayi
12%
Mpumalanga 2 405,010 Kanyamazane
12%
Mpumalanga 3 270,737 KwaMhlanga
12%
Free State 3 236,505 Phuthaditjhaba
12%
Limpopo 2 248,425 Thohoyandou
12%
No matching quizzes found
Score Distribution
Percent of People with Each Score
Percentile by Number Answered
Your Score History
You have not taken this quiz